ბათუმის შოთა რუსთაველის სახელმწიფო უნივერსიტეტის ბიბლიოთეკა

Управление финансовой деятельностью предприятия. (ბიბ.ჩანაწერი № 37030)

000 -LEADER
fixed length control field 01020nam a2200253Ia 4500
001 - CONTROL NUMBER
control field 2984
003 - CONTROL NUMBER IDENTIFIER
control field GE_BSU
008 - FIXED-LENGTH DATA ELEMENTS--GENERAL INFORMATION
fixed length control field 181216s||||||||xx |||||||||||||| ||und||
020 ## - INTERNATIONAL STANDARD BOOK NUMBER
International Standard Book Number 5851770147
040 ## - CATALOGING SOURCE
Transcribing agency GE_BSU
080 ## - UNIVERSAL DECIMAL CLASSIFICATION NUMBER
Universal Decimal Classification number 336.1(075.8)
100 ## - MAIN ENTRY--PERSONAL NAME
Personal name Коласс, Бернар
245 ## - TITLE STATEMENT
Title Управление финансовой деятельностью предприятия.
245 ## - TITLE STATEMENT
Remainder of title Проблемы, концепции и методы: Учебное пособие. Gestion financiere de l'entreprise
245 ## - TITLE STATEMENT
Statement of responsibility, etc. Перевод французского под редакцией проф. Я. В. Соколова. гл. ред. изд. во. Н.Д. Эриашвили.
260 ## - PUBLICATION, DISTRIBUTION, ETC.
Place of publication, distribution, etc. Москва
260 ## - PUBLICATION, DISTRIBUTION, ETC.
Name of publisher, distributor, etc. ЮНИТИ
260 ## - PUBLICATION, DISTRIBUTION, ETC.
Date of publication, distribution, etc. 1997
300 ## - PHYSICAL DESCRIPTION
Extent 576 с. 24 см.
653 ## - INDEX TERM--UNCONTROLLED
Uncontrolled term Проблемы, концепции и методы
653 ## - INDEX TERM--UNCONTROLLED
Uncontrolled term Управление финансовой деятельностью предприятия
942 ## - ADDED ENTRY ELEMENTS (KOHA)
Koha item type წიგნი
ეგზემპლარები
Withdrawn status Lost status Damaged status Not for loan Date acquired Barcode Date last seen Price effective from Koha item type Public note
        2018-12-17 8021 2018-12-17 2018-12-17 წიგნი დარბაზი
        2018-12-17 8022 2018-12-17 2018-12-17 წიგნი დარბაზი
        2018-12-17 8023 2018-12-17 2018-12-17 წიგნი დარბაზი